Bridging divides - transformation in Eastern Europe : connecting energy and environment ; refocusing the transformation process in Central and Eastern European countries (CEEC) and the Commonwealth of Independent States (CIS) /

Saved in:
Bibliographic Details
Other Authors: Müller, Friedemann., Ott, Susanne.
Format: Book
Language:English
Published: Baden-Baden : Nomos Verlagsgesellschaft, 1998.
Edition:1. Aufl.
Series:Aktuelle Materialien zur internationalen Politik ; Bd. 52.
Subjects:
Tags: Add Tag
No Tags, Be the first to tag this record!
LEADER 01480aam a2200361 a 4500
001 007738121-1
005 20020606104010.5
008 980421s1998 gw b 000 0 eng
010 |a  98141436  
020 |a 3789052124 
035 0 |a ocm42475569 
040 |a DLC  |c DLC  |d HLS 
043 |a ee-----  |a e-ur--- 
050 0 0 |a HD9502.E852  |b B75 1998 
245 0 0 |a Bridging divides - transformation in Eastern Europe :  |b connecting energy and environment ; refocusing the transformation process in Central and Eastern European countries (CEEC) and the Commonwealth of Independent States (CIS) /  |c Friedemann Müller, Susanne Ott (eds.). 
250 |a 1. Aufl. 
260 |a Baden-Baden :  |b Nomos Verlagsgesellschaft,  |c 1998. 
300 |a 309 p. ;  |c 23 cm. 
490 1 |a Aktuelle Materialien zur internationalen Politik ;  |v Bd. 52 
504 |a Includes bibliographical references. 
650 0 |a Energy policy  |z Europe, Eastern. 
650 0 |a Energy policy  |z Former Soviet republics. 
650 0 |a Energy industries  |z Europe, Eastern. 
650 0 |a Energy industries  |z Former Soviet republics. 
650 0 |a Environmental policy  |z Europe, Eastern. 
650 0 |a Environmental policy  |z Former Soviet republics. 
650 0 |a Privatization  |z Europe, Eastern. 
650 0 |a Privatization  |z Former Soviet republics. 
700 1 |a Müller, Friedemann. 
700 1 |a Ott, Susanne. 
830 0 |a Aktuelle Materialien zur internationalen Politik ;  |v Bd. 52. 
988 |a 20020608 
906 |0 DLC